000 01838nam a22003137a 4500
001 1563
003 FISKH
005 20231002114339.0
008 230907b cb ||||| |||| 00| 0 khr d
020 _a9789996305535
040 _aFISKH
_beng
_cFISKH
_dFISKH
082 _a331.702
100 _aAnonymous
245 _aការត្រៀមខ្លួនធ្វើការងារ /
250 _aបោះពុម្ពលើកទី៣ មិ​នា​ ២០២១
260 _aPhnom Penh :
_bSipar,
_c2021.
300 _a48 pages :
_bcolor illustrations ;
_c29 cm
490 _aបំនិនជីវិត​
505 _aZ'
520 _aបង្ហាញពីដំណើរការនៃការរៀបចំត្រៀមខ្លួន ធ្វើការងាររួមមាន៖ មុននឹងស្វែងរកការងារ របៀបទទួលបានការងារ ការរក្សារការងារ ការធ្វើឳ្យមានភាពរីកចម្រើនក្នុងការងារ ការងារចំណាកស្រុកប្រកបដោយសុវត្ថិភាពនិងមុខរបរផ្សេងៗទៀត។
520 _aDemonstrates the process of preparing for work, including: before finding a job, how to get a job, keeping a job, job advancement, safe migration and other occupations.
521 8 _a1120
_bLexile estimate
521 8 _aZ'
_bRaz-Plus
650 _aការត្រៀមខ្លួន
_vការស្វែងរក
_xភាពរីកចម្រើន
_yការងារ
650 _aPreparation
_vSearching
_xImprove
_yWork
700 _aSovanrith, Khun
_eillustrator
700 _aRatha, Ouk
_eillustrator
942 _2ddc
_cBK
_n0
999 _c1563
_d1563